Geometry

Αποθηκεύτηκε σε:
Λεπτομέρειες βιβλιογραφικής εγγραφής
Κύριος συγγραφέας: Moise, Edwin E.
Άλλοι συγγραφείς: Downs, Floyd L.
Μορφή: Βιβλίο
Γλώσσα:English
Δημοσίευση: Reading, Massachusetts ; Palo Alto : Addison-Wesley Pub. Co., c1964
Θέματα:
Ετικέτες: Προσθήκη ετικέτας
Δεν υπάρχουν, Καταχωρήστε ετικέτα πρώτοι!

MARC

LEADER 00000cam a2200000 i 4500
001 1/5253
008 100304s1964 eng d
035 |l 10107097 
040 |a GR-MY-UA  |b gre  |e aacr 
041 0 |a eng 
082 0 |a 516  |2 (22) 
100 1 |a Moise, Edwin E. 
245 1 0 |a Geometry /  |c Edwin E. Moise, Floyd L. Downs 
260 |a Reading, Massachusetts ; Palo Alto :   |b Addison-Wesley Pub. Co.,   |c c1964 
300 |a xiii, 578 σ.;  |b σχέδια;  |c 24 εκ. 
504 |a Περιέχει ευρετήριο 
650 0 0 |a Geometry. 
700 1 |a Downs, Floyd L. 
852 |a INST  |b SAMOS  |c MAG  |e 20100304  |h 516 MOI  |p 005300032253  |q 005300032253  |t BK  |y 0 
901 |a BIBL3-2010-1 
909 |a Σ  |b 161959 
970 |a ΡΟΥΣΣΟΥ  |b ΚΩΝΣΤΑΝΤΙΝΑ  |z 2010/03/04